000 00741nam a22002417a 4500
005 20251108172813.0
008 250721s2001 xx 000 0 ara d
082 1 4 _aم/ط/550/مطل
100 1 _aمطلق، ألبير
245 1 0 _aموسوعة كوكب الأرض الشاملة /
264 1 _aلندن :
_bمكتبة لبنان ناشرون،
_c2001.
300 _a161 ص
490 0 _aسلسلة كتب الفراشة
650 1 7 _aالأرض
650 1 7 _aالغلاف الجوي
650 1 7 _aالغلاف الصخري
650 1 7 _aالغلاف المائي
650 1 7 _aالبراكين
650 1 7 _aعلم الزلازل
653 _aناشاون صغار (10-14) سنه
942 _2ddc
_cBK
999 _c88899
_d88899